Tilastot visalle Sanat - "Sinua, sinua rakastan" - Kaj Chydenius

Klikkaa tästä pelataksesi tätä visaa!

Yleistilastot

  • Tätä visaa on pelattu 58 kertaa
  • Keskiarvotulos 36 / 74

Vastaustilastot

Sanat% Oikein
rakastan
100%
rakastan
100%
rakastan
100%
Sinua,
100%
sinua
100%
sinua
100%
sinua
100%
Sinua,
100%
Sinua,
100%
sinua
100%
sinua
100%
näkisi
81%
näkisi
81%
painaa
81%
painaa
81%
seppeleen
81%
seppeleen
81%
81%
81%
en
79%
en
79%
jotta
74%
jotta
74%
päähäni
74%
päähäni
74%
pimeän
72%
pimeän
72%
ja
56%
ja
56%
Miten
53%
miten
53%
miten
53%
Miten
53%
miten
53%
miten
53%
kuin
42%
linnut
42%
avaruus
40%
huutaa
35%
minulle
33%
niin
33%
siipensä
33%
maailman
28%
tähdet
28%
alla
23%
lapset
23%
taittavat
23%
yllä
23%
läpi
21%
joella
19%
kallioitten
19%
ohimoni
19%
rannoilla
19%
sydämet
19%
vedet
19%
aamuisella
16%
kätesi
16%
kirkuvat
16%
liikkuu
16%
mukana
16%
pehmeä
16%
tuulten
16%
vene
16%
itkevät
14%
merien
14%
savuavat
14%
jähmettyvät
12%
kiveksi
12%
varhain
12%
vyöryvät
12%
nousevat
9%
pilvien
9%
metsät
7%
sateet
7%

Tulosjakauma

Persentiili vastausten määrän mukaan

Jokaisen tuloksen saaneiden osuus

Tuloshistoriasi

Et ole pelannut tätä visaa